[Event "2nd American Continental"]
[Site "Buenos Aires ARG"]
[Date "2003.08.29"]
[Round "11"]
[White "De Dovitiis, Alejo"]
[Black "Fiorito, Fabian"]
[Result "0-1"]
[WhiteElo "2401"]
[BlackElo "2422"]
[EventDate "2003.08.17"]
[PlyCount "82"]

1.e4 c5 2.Nf3 d6 3.c3 Nf6 4.Bd3 g6 5.O-O Bg7 6.h3 O-O 7.Bc2 Nbd7 8.Re1 Qc7
9.d3 b6 10.Nbd2 Bb7 11.Nf1 a6 12.Bd2 e5 13.Qc1 d5 14.Ng3 Rfe8 15.Bh6 Bh8 
16.Qg5 b5 17.h4 dxe4 18.dxe4 c4 19.h5 Nc5 20.Qh4 Ne6 21.Re3 Rad8 22.Rc1 
Nd7 23.Nf5 Bf6 24.Bg5 Nxg5 25.Nxg5 gxf5 26.Rg3 Kf8 27.Nxh7+ Ke7 28.Nxf6 
Nxf6 29.exf5 Rg8 30.h6 Rxg3 31.Qxg3 Rh8 32.Qg5 Qd8 33.f3 Bxf3 34.Qe3 Bd5 
35.Qxe5+ Kd7 36.Rd1 Kc6 37.b3 Re8 38.Qf4 Rg8 39.Rd2 Rg4 40.Qe3 Qb6 41.Rd4 
Rxg2+ 0-1

[Event "2nd American Continental"]
[Site "Buenos Aires ARG"]
[Date "2003.08.29"]
[Round "11"]
[White "Delgado, Alberto"]
[Black "Perdomo, Leandro"]
[Result "1/2-1/2"]
[WhiteElo "2310"]
[BlackElo "2304"]
[EventDate "2003.08.17"]
[PlyCount "70"]

1.d4 Nf6 2.Nc3 e6 3.e4 Bb4 4.e5 Ne4 5.Qg4 Nxc3 6.Qxg7 Rf8 7.a3 Na2+ 8.axb4
Nxc1 9.Rxc1 Qh4 10.Nf3 Qe4+ 11.Be2 d5 12.h4 Nc6 13.c3 Qg6 14.Qxg6 hxg6 15.
Ng5 Bd7 16.Rh3 f5 17.Ra1 Rh8 18.Kd2 Ke7 19.Rah1 Rag8 20.h5 gxh5 21.Rxh5 
Rxh5 22.Rxh5 Rg7 23.Ke3 Nd8 24.Rh7 Rxh7 25.Nxh7 Be8 26.Kf4 Bg6 27.Nf6 Nf7 
28.Bd3 Nh8 29.Kg5 Bf7 30.g3 c6 31.Bc2 a6 32.f3 b6 33.g4 fxg4 34.fxg4 b5 
35.Kh6 Be8 1/2-1/2

[Event "2nd American Continental"]
[Site "Buenos Aires ARG"]
[Date "2003.08.29"]
[Round "11"]
[White "Dolezal, Cristian"]
[Black "Demaria, Juan Pablo"]
[Result "1-0"]
[WhiteElo "2410"]
[BlackElo "2242"]
[EventDate "2003.08.17"]
[PlyCount "125"]

1.c4 c5 2.Nc3 Nc6 3.d3 g6 4.g4 d6 5.h3 Bg7 6.Bg2 e6 7.Bxc6+ bxc6 8.Nf3 Ne7
9.Bg5 Rb8 10.Qc1 h6 11.Bd2 h5 12.Rg1 Bd7 13.b3 hxg4 14.hxg4 f5 15.gxf5 
exf5 16.Qa3 Rb7 17.O-O-O Be6 18.Na4 Kd7 19.Bc3 Bxc3 20.Nxc3 Qb6 21.Qb2 Qa5
22.Rh1 Rbb8 23.Ng5 Rxh1 24.Rxh1 Bg8 25.Nh7 Bxh7 26.Rxh7 Re8 27.Kd1 g5 28.
Ne4 Qd8 29.Qf6 Rf8 30.Qxg5 f4 31.Nc3 Rh8 32.Qg4+ Kc7 33.Qh4 Rxh7 34.Qxh7 
Kb8 35.Ne4 Nc8 36.Qg7 Qh4 37.Qc3 Qh1+ 38.Qe1 Qh8 39.Kc2 Qh5 40.b4 cxb4 41.
Qxb4+ Kc7 42.Kd2 Qh6 43.Qa5+ Kb7 44.Qg5 Qxg5 45.Nxg5 Ne7 46.d4 d5 47.c5 
Ka6 48.Ne6 Ng6 49.Kc3 Ka5 50.Kb3 Kb5 51.a4+ Ka5 52.Nd8 Ne7 53.Ka3 Ka6 54.
Kb4 Nf5 55.Nxc6 Kb7 56.Na5+ Kc7 57.Nb3 Nh6 58.Nc1 Nf5 59.Kc3 Nh4 60.Nd3 f3
61.e3 a5 62.Ne5 Kb7 63.Kd3 1-0

[Event "2nd American Continental"]
[Site "Buenos Aires ARG"]
[Date "2003.08.29"]
[Round "11"]
[White "Echeguren, Gustavo"]
[Black "Martinez Garcia, Jose Joaquin"]
[Result "0-1"]
[WhiteElo "2091"]
[BlackElo "2172"]
[EventDate "2003.08.17"]
[PlyCount "66"]

1.d4 d5 2.c4 e6 3.Nf3 Nf6 4.Qc2 c6 5.g3 Be7 6.Bg2 O-O 7.O-O Nbd7 8.b3 Ne4 
9.Bb2 f5 10.Nbd2 Qe8 11.e3 Qh5 12.Ne5 Ng5 13.Nxd7 Bxd7 14.f4 Nf7 15.Nf3 
Rac8 16.c5 g5 17.b4 Qg6 18.Ne5 Nxe5 19.dxe5 Rf7 20.Bd4 h5 21.Kh1 h4 22.
gxh4 g4 23.h3 Rh7 24.hxg4 Rxh4+ 25.Kg1 Rxg4 26.Rf2 Kf7 27.Kf1 Bh4 28.Rf3 
Rg8 29.Bh3 Rg1+ 30.Ke2 Rg2+ 31.Bxg2 Qxg2+ 32.Kd3 Qxf3 33.Qh2 Rg2 0-1

[Event "2nd American Continental"]
[Site "Buenos Aires ARG"]
[Date "2003.08.29"]
[Round "11"]
[White "Escobedo Tinajero, Alberto"]
[Black "Mazziotti Irigoyen, Gabriel"]
[Result "1-0"]
[WhiteElo "2405"]
[BlackElo "2238"]
[EventDate "2003.08.17"]
[PlyCount "95"]

1.d4 d5 2.c4 dxc4 3.e3 e6 4.Bxc4 c5 5.Nf3 Nf6 6.O-O a6 7.a4 Nc6 8.Qe2 Qc7 
9.Rd1 Bd6 10.Nc3 O-O 11.h3 b6 12.d5 exd5 13.Nxd5 Nxd5 14.Bxd5 Bb7 15.e4 
Rae8 16.Be3 Bf4 17.Bxf4 Qxf4 18.Ra3 Qc7 19.Re3 Nb4 20.Bxb7 Qxb7 21.Nh4 Qc6
22.b3 Re6 23.Nf5 Rfe8 24.Re1 g6 25.Ng3 Qb7 26.Rd1 h5 27.e5 Nd5 28.Qf3 Nxe3
29.Qxb7 Nxd1 30.Ne4 R8e7 31.Qc8+ Kg7 32.f4 Ne3 33.Qxa6 Nf5 34.Nf6 Nd4 35.
Qc8 Rxf6 36.exf6+ Kxf6 37.Qd8 Ne2+ 38.Kf2 Nxf4 39.Qxb6+ Kg7 40.Qd6 Re4 41.
Kf3 Rb4 42.Qxf4 Rxb3+ 43.Kf2 Ra3 44.Qc4 Kg8 45.Qb5 Kh7 46.a5 c4 47.a6 c3 
48.Ke3 1-0

[Event "2nd American Continental"]
[Site "Buenos Aires ARG"]
[Date "2003.08.29"]
[Round "11"]
[White "Felgaer, Ruben"]
[Black "Mieles Palau, Daniel"]
[Result "1-0"]
[WhiteElo "2551"]
[BlackElo "2468"]
[EventDate "2003.08.17"]
[PlyCount "49"]

1.e4 c5 2.Nf3 d6 3.d4 cxd4 4.Nxd4 Nf6 5.Nc3 g6 6.g3 Nc6 7.Nde2 Bg7 8.Bg2 
O-O 9.O-O Bd7 10.h3 Rc8 11.a4 a6 12.Be3 Na5 13.b3 Qc7 14.Qd2 b5 15.axb5 
axb5 16.Ra2 b4 17.Nd5 Nxd5 18.exd5 Rb8 19.Nd4 e5 20.dxe6 fxe6 21.Rfa1 Nc6 
22.Nxc6 Bxc6 23.Ra7 Bb7 24.R1a6 Rfd8 25.Bb6 1-0

[Event "2nd American Continental"]
[Site "Buenos Aires ARG"]
[Date "2003.08.29"]
[Round "11"]
[White "Fiori, Hector"]
[Black "Tobares, Leandro"]
[Result "1/2-1/2"]
[WhiteElo "2037"]
[BlackElo "2283"]
[EventDate "2003.08.17"]
[PlyCount "22"]

1.e4 c5 2.Nf3 d6 3.d4 cxd4 4.Qxd4 Bd7 5.c4 Nc6 6.Qd2 Nf6 7.Nc3 g6 8.b3 Bg7
9.Bb2 O-O 10.Be2 Bg4 11.O-O Qa5 1/2-1/2

[Event "2nd American Continental"]
[Site "Buenos Aires ARG"]
[Date "2003.08.29"]
[Round "11"]
[White "Garcia, Gildardo"]
[Black "Bielicki, Carlos"]
[Result "1-0"]
[WhiteElo "2473"]
[BlackElo "2289"]
[EventDate "2003.08.17"]
[PlyCount "125"]

1.e4 e5 2.Nf3 Nf6 3.Nxe5 d6 4.Nf3 Nxe4 5.Nc3 Nxc3 6.dxc3 Be7 7.Bf4 Nc6 8.
Qd2 Bg4 9.Nd4 Nxd4 10.cxd4 d5 11.h3 Be6 12.O-O-O c6 13.Bd3 Qb6 14.Rhe1 Qd8
15.Be5 O-O 16.Re3 Bg5 17.f4 Bh6 18.g4 f6 19.g5 fxg5 20.Rg1 g6 21.Reg3 Bf5 
22.fxg5 Bg7 23.Bxg7 Kxg7 24.h4 Qd6 25.h5 Rae8 26.hxg6 Bxd3 27.Qxd3 Qf4+ 
28.Kb1 hxg6 29.a3 Qe4 30.Qd2 Qe2 31.Qc1 Rf3 32.Rxf3 Qxf3 33.Rh1 Re2 34.Ka1
Qe3 35.Qd1 Rg2 36.Rh7+ Kxh7 37.Qh1+ Kg8 38.Qxg2 Qxd4 39.Qh2 Qg7 40.Ka2 Qe7
41.Qb8+ Kf7 42.Qxa7 Ke6 43.Qe3+ Kf7 44.Qf4+ Ke8 45.Kb3 Kd7 46.a4 c5 47.a5 
Kc6 48.c4 dxc4+ 49.Ka4 Qe6 50.Qf3+ Kc7 51.Qf4+ Kd7 52.Qd2+ Kc7 53.Kb5 Qc6+
54.Kxc4 b5+ 55.axb6+ Kxb6 56.Qd8+ Ka6 57.Qf6 Kb7 58.Qxc6+ Kxc6 59.b3 Kb6 
60.Kd5 Kb5 61.Ke6 Kb4 62.Kd6 Kb5 63.Kc7 1-0

[Event "2nd American Continental"]
[Site "Buenos Aires ARG"]
[Date "2003.08.29"]
[Round "11"]
[White "Garcia Palermo, Carlos"]
[Black "Rodi, Luis Ernesto"]
[Result "1-0"]
[WhiteElo "2443"]
[BlackElo "2221"]
[EventDate "2003.08.17"]
[PlyCount "99"]

1.d4 f5 2.Nf3 d6 3.Nc3 Nf6 4.Bg5 Nbd7 5.Qd3 g6 6.e4 fxe4 7.Nxe4 Bg7 8.Ng3 
Nf8 9.h4 h6 10.Bxf6 Bxf6 11.O-O-O c6 12.Ne4 Bg7 13.Kb1 Qa5 14.Qe3 Be6 15.
Bc4 O-O-O 16.Bxe6+ Nxe6 17.Ng3 Nc7 18.Qxe7 Rd7 19.Qe4 Nd5 20.Qxg6 Rf8 21.
Nh5 Rff7 22.c4 Nb6 23.c5 dxc5 24.Nxg7 Rxg7 25.Qe8+ Kc7 26.Qe5+ Kc8 27.dxc5
Nd5 28.Nd4 Rge7 29.Ne6 b6 30.a3 Qa4 31.Rc1 Qb3 32.Rh3 Qa4 33.cxb6 axb6 34.
Qh8+ Kb7 35.Nd8+ Rxd8 36.Qxd8 Qe4+ 37.Ka1 Qf4 38.Re3 Rc7 39.Ree1 b5 40.
Red1 b4 41.Rxc6 Rxc6 42.Qxd5 bxa3 43.Qd7+ Rc7 44.Qb5+ Ka7 45.Qa5+ Kb7 46.
Qxa3 Qxf2 47.Qb4+ Kc8 48.Qg4+ Kb8 49.Rd8+ Kb7 50.Qb4+ 1-0

[Event "2nd American Continental"]
[Site "Buenos Aires ARG"]
[Date "2003.08.29"]
[Round "11"]
[White "Giampa, Alejandro"]
[Black "Dobson Aguilar, Luis"]
[Result "1/2-1/2"]
[WhiteElo "2271"]
[BlackElo "2330"]
[EventDate "2003.08.17"]
[PlyCount "20"]

1.c4 e5 2.Nc3 Nf6 3.Nf3 Nc6 4.e3 d5 5.cxd5 Nxd5 6.Bb5 Nxc3 7.bxc3 Bd6 8.d4
e4 9.Nd2 Qg5 10.Bf1 Qg6 1/2-1/2

[Event "2nd American Continental"]
[Site "Buenos Aires ARG"]
[Date "2003.08.29"]
[Round "11"]
[White "Gulko, Boris"]
[Black "Rodriguez Vila, Andres"]
[Result "1-0"]
[WhiteElo "2583"]
[BlackElo "2485"]
[EventDate "2003.08.17"]
[PlyCount "91"]

1.d4 g6 2.e4 d6 3.Nc3 Nd7 4.f4 e5 5.dxe5 dxe5 6.Nf3 c6 7.Bc4 Qe7 8.fxe5 
Nxe5 9.Nxe5 Qxe5 10.Qf3 Nf6 11.Bf4 Qh5 12.O-O Bc5+ 13.Kh1 O-O 14.e5 Qxf3 
15.Rxf3 Nh5 16.Bh6 Ng7 17.Ne4 Be7 18.Nf6+ Kh8 19.Rd1 b5 20.Bb3 a5 21.Nd7 
Bxd7 22.Rxd7 Rad8 23.Rxf7 Rxf7 24.Rxd8+ Bxd8 25.Bxf7 Nf5 26.Bf8 b4 27.g4 
Ne7 28.Kg2 h5 29.gxh5 gxh5 30.Bxh5 Kg8 31.Bh6 Bc7 32.e6 Be5 33.Bf7+ Kh7 
34.Bg5 Bd6 35.h4 Nd5 36.Kf3 Kg7 37.Be8 c5 38.Bc6 Nf6 39.b3 Be7 40.Kf4 Kg6 
41.Be4+ Kg7 42.Kf5 Bd8 43.Bf3 Be7 44.h5 Ng8 45.Bxe7 Nxe7+ 46.Ke5 1-0

[Event "2nd American Continental"]
[Site "Buenos Aires ARG"]
[Date "2003.08.29"]
[Round "11"]
[White "Hernandez Lagos, Hector"]
[Black "Estay Torreblanca, Oscar"]
[Result "0-1"]
[WhiteElo "2200"]
[BlackElo "2231"]
[EventDate "2003.08.17"]
[PlyCount "59"]

1.d4 Nf6 2.c4 e6 3.Nc3 d5 4.Bg5 Nbd7 5.e3 Bb4 6.Nf3 c5 7.cxd5 exd5 8.Be2 
Qa5 9.Qc2 Ne4 10.Rc1 c4 11.O-O Bxc3 12.bxc3 Nb6 13.Bf4 O-O 14.Bc7 Qa4 15.
Bd1 Qxc2 16.Bxc2 Nxc3 17.Bxh7+ Kxh7 18.Rxc3 Na4 19.Rcc1 Bf5 20.Ba5 Rfc8 
21.Bc3 a5 22.h3 f6 23.Nd2 Bd3 24.Rfe1 b5 25.a3 Nxc3 26.Rxc3 b4 27.axb4 
axb4 28.Rcc1 Ra2 29.Nb1 c3 30.g3 0-1

[Event "2nd American Continental"]
[Site "Buenos Aires ARG"]
[Date "2003.08.29"]
[Round "11"]
[White "Huertas Soris, Ramon"]
[Black "Orsini, Antonio"]
[Result "0-1"]
[WhiteElo "2288"]
[BlackElo "2181"]
[EventDate "2003.08.17"]
[PlyCount "42"]

1.e4 e6 2.d3 d5 3.Qe2 Be7 4.Nf3 Nf6 5.g3 b5 6.Bg2 dxe4 7.dxe4 b4 8.c4 bxc3
9.Nxc3 Ba6 10.Qc2 O-O 11.Qa4 Nfd7 12.Be3 Nb6 13.Qd1 Qc8 14.Qc2 Nc6 15.
O-O-O Nb4 16.Qb1 Rd8 17.Rxd8+ Qxd8 18.Bf1 Nd3+ 19.Kc2 Nc4 20.Bd4 Ncxb2 21.
Nd1 Nc4 0-1

[Event "2nd American Continental"]
[Site "Buenos Aires ARG"]
[Date "2003.08.29"]
[Round "11"]
[White "Ivanov, Alexander"]
[Black "Lujan, Carolina"]
[Result "1-0"]
[WhiteElo "2538"]
[BlackElo "2263"]
[EventDate "2003.08.17"]
[PlyCount "79"]

1.e4 c5 2.Nf3 e6 3.g3 Nc6 4.Bg2 Nf6 5.Qe2 d6 6.O-O Be7 7.c3 e5 8.d3 O-O 9.
Nbd2 Rb8 10.Ne1 d5 11.f4 Bg4 12.Qf2 exf4 13.gxf4 dxe4 14.dxe4 Nh5 15.Ndf3 
Qc7 16.Kh1 Rbd8 17.Ng1 Rd6 18.Bf3 Qd7 19.Be3 f5 20.e5 Rh6 21.Rd1 Qe8 22.
Bd5+ Kh8 23.Nef3 Qg6 24.Ne2 b6 25.Rd2 Nd8 26.Ng5 Qe8 27.Ng1 Rg6 28.N5f3 
Ne6 29.Ne1 Qb5 30.Ng2 Rd8 31.Re1 Nc7 32.Bf3 Rxd2 33.Qxd2 Bxf3 34.Nxf3 Qc6 
35.Rf1 Ne6 36.c4 Qe4 37.Qd5 Qc2 38.Nfh4 Rh6 39.b3 Qe2 40.Qd1 1-0

[Event "2nd American Continental"]
[Site "Buenos Aires ARG"]
[Date "2003.08.29"]
[Round "11"]
[White "Jorge, Cristian"]
[Black "Bitelmajer, Martin"]
[Result "1-0"]
[WhiteElo "2148"]
[BlackElo "2230"]
[EventDate "2003.08.17"]
[PlyCount "80"]

1.e4 e5 2.Nf3 Nc6 3.Bb5 a6 4.Bxc6 dxc6 5.O-O f6 6.d4 exd4 7.Nxd4 c5 8.Nb3 
Qxd1 9.Rxd1 Bd6 10.Be3 b6 11.Nc3 Bd7 12.a4 a5 13.Nd5 Ne7 14.Nxb6 Bxh2+ 15.
Kxh2 cxb6 16.Rd5 Nc6 17.c3 O-O-O 18.Nd2 Kc7 19.Bf4+ Ne5 20.Bxe5+ fxe5 21.
Nc4 Bc6 22.Rxd8 Rxd8 23.f3 Re8 24.b3 Rd8 25.Nxe5 Rd2 26.Rb1 Bd7 27.Nxd7 
Kxd7 28.c4 Ke6 29.Kg3 Ke5 30.Rh1 h6 31.Rh5+ Ke6 32.Rd5 Rb2 33.Rd3 g5 34.
Kh3 h5 35.Kg3 g4 36.fxg4 hxg4 37.Kxg4 Rxg2+ 38.Kf4 Rf2+ 39.Ke3 Rb2 40.Kf3 
Ke5 1-0

[Event "2nd American Continental"]
[Site "Buenos Aires ARG"]
[Date "2003.08.29"]
[Round "11"]
[White "Labollita, Martin"]
[Black "Scarella, Enrique Alejandro"]
[Result "1/2-1/2"]
[WhiteElo "2454"]
[BlackElo "2374"]
[EventDate "2003.08.17"]
[PlyCount "104"]

1.Nf3 Nf6 2.c4 c5 3.Nc3 Nc6 4.g3 g6 5.d4 cxd4 6.Nxd4 Bg7 7.Bg2 O-O 8.O-O 
Nxd4 9.Qxd4 d6 10.Qd3 Be6 11.Bxb7 Rb8 12.Bg2 Qa5 13.b3 Rxb3 14.axb3 Qxa1 
15.Nb5 Qa2 16.Nd4 Bg4 17.h3 Bd7 18.Bd2 e5 19.Nc6 Bxc6 20.Bxc6 Rc8 21.Ba4 
Ne4 22.Be3 Nc5 23.Bxc5 dxc5 24.Qd7 Rb8 25.e3 Bf8 26.Qc7 Rb6 27.Qxe5 Re6 
28.Qa1 Qe2 29.Qd1 Qb2 30.Qc1 Qa2 31.Rd1 Rd6 32.Rxd6 Bxd6 33.Qd1 Bf8 34.Be8
a5 35.Kg2 Qb2 36.Qf3 Qg7 37.Qf4 Be7 38.Bc6 Qf6 39.Qxf6 Bxf6 40.Kf3 h5 41.
Ke4 Kg7 42.Kd5 Be7 43.Be8 Kf6 44.f4 Kg7 45.Kc6 Kf8 46.Kd7 h4 47.gxh4 Bxh4 
48.e4 Bg3 49.e5 Bxf4 50.e6 fxe6 51.Bxg6 Kg7 52.Be4 Kf6 1/2-1/2

[Event "2nd American Continental"]
[Site "Buenos Aires ARG"]
[Date "2003.08.29"]
[Round "11"]
[White "Lafuente, Pablo"]
[Black "Monier, Raul"]
[Result "0-1"]
[WhiteElo "2431"]
[BlackElo "2405"]
[EventDate "2003.08.17"]
[PlyCount "78"]

1.d4 Nf6 2.c4 e6 3.Nc3 Bb4 4.Qc2 O-O 5.a3 Bxc3+ 6.Qxc3 d6 7.Bg5 Nbd7 8.f3 
b6 9.e3 Bb7 10.Nh3 c5 11.dxc5 bxc5 12.Be2 a5 13.O-O Qb6 14.Rad1 d5 15.Bh4 
Ba6 16.Rd2 Rab8 17.Rfd1 Rfc8 18.Nf4 Bb7 19.Bf2 Bc6 20.g4 h6 21.h4 Qc7 22.
cxd5 Nxd5 23.Nxd5 exd5 24.Kg2 Qb6 25.Bg3 Ra8 26.g5 h5 27.Rxd5 Bxd5 28.Rxd5
Qb7 29.Rf5 Nb6 30.Qb3 c4 31.Qb5 Qc6 32.e4 Na4 33.Qxc6 Rxc6 34.Be5 Rc5 35.
Bd1 Nb6 36.Bc3 Rxf5 37.exf5 Nd5 38.Bd4 Rd8 39.Kf2 Ne7 0-1

[Event "2nd American Continental"]
[Site "Buenos Aires ARG"]
[Date "2003.08.29"]
[Round "11"]
[White "Lugo, Blas"]
[Black "Gurevich, Dmitry"]
[Result "0-1"]
[WhiteElo "2416"]
[BlackElo "2502"]
[EventDate "2003.08.17"]
[PlyCount "104"]

1.e4 c5 2.Nf3 d6 3.d4 cxd4 4.Nxd4 Nf6 5.Nc3 Nc6 6.Be3 e5 7.Nb3 Be7 8.f3 
Be6 9.Nd5 Bxd5 10.exd5 Nb4 11.c4 a5 12.Qd2 b6 13.Be2 O-O 14.O-O Na6 15.f4 
Nd7 16.fxe5 Nxe5 17.Nd4 Rc8 18.a3 a4 19.Nc6 Nxc6 20.dxc6 Rxc6 21.Bf3 d5 
22.Bxd5 Rf6 23.Bd4 Bc5 24.Kh1 Rxf1+ 25.Rxf1 Bxd4 26.Qxd4 Kh8 27.Qd1 Nc5 
28.Re1 g6 29.Qd4+ f6 30.Qe3 Kg7 31.Kg1 g5 32.Qe7+ Qxe7 33.Rxe7+ Kg6 34.Kf2
f5 35.Ke3 h5 36.Kd4 g4 37.Rc7 f4 38.Re7 h4 39.Re1 Kg5 40.h3 f3 41.gxf3 g3 
42.Re7 Kf6 43.Re2 Kf5 44.Re7 Rf6 45.Rg7 Ne6+ 46.Bxe6+ Rxe6 47.Rg4 Re1 48.
Kd3 Rh1 49.Ke3 Rxh3 50.Rg8 Rh2 51.Rf8+ Ke6 52.Rg8 g2 0-1

[Event "2nd American Continental"]
[Site "Buenos Aires ARG"]
[Date "2003.08.29"]
[Round "11"]
[White "Markzon, Gregory"]
[Black "Szmetan, Jorge"]
[Result "0-1"]
[WhiteElo "2267"]
[BlackElo "2408"]
[EventDate "2003.08.17"]
[PlyCount "70"]

1.e4 Nf6 2.e5 Nd5 3.d4 d6 4.Nf3 Bg4 5.Be2 c6 6.Ng5 Bxe2 7.Qxe2 dxe5 8.dxe5
e6 9.O-O Nd7 10.c4 Ne7 11.Nc3 h6 12.Nf3 Qc7 13.Re1 O-O-O 14.b4 g5 15.Bb2 
Ng6 16.Ne4 g4 17.Nd6+ Bxd6 18.exd6 Qxd6 19.Nd4 Rhg8 20.Nc2 Nh4 21.Rad1 Qf4
22.Kh1 Nb6 23.Rxd8+ Rxd8 24.Ne3 Nf5 25.Bc1 Nxe3 26.Bxe3 Qxc4 27.Qxc4 Nxc4 
28.Bxh6 Nb2 29.h4 gxh3 30.gxh3 Nd3 31.Re2 Rh8 32.Be3 Rxh3+ 33.Kg2 Rh5 34.
a3 b6 35.Kg3 Rd5 0-1

[Event "2nd American Continental"]
[Site "Buenos Aires ARG"]
[Date "2003.08.29"]
[Round "11"]
[White "Milos, Gilberto"]
[Black "Valerga, Diego"]
[Result "1-0"]
[WhiteElo "2592"]
[BlackElo "2496"]
[EventDate "2003.08.17"]
[PlyCount "59"]

1.e4 c5 2.Nf3 e6 3.d4 cxd4 4.Nxd4 Nf6 5.Nc3 d6 6.g4 h6 7.g5 hxg5 8.Bxg5 
Nc6 9.Qd2 a6 10.O-O-O Bd7 11.h4 Be7 12.Be2 Nxd4 13.Qxd4 Qa5 14.Rhg1 Bc6 
15.h5 Qe5 16.Qd2 Nxe4 17.Nxe4 Bxe4 18.Bxe7 Kxe7 19.Rg5 Bf5 20.Bg4 g6 21.
hxg6 fxg6 22.Bxf5 gxf5 23.f4 Qc5 24.Rg7+ Kf8 25.Qg2 Rc8 26.Rg1 d5 27.Rxb7 
Qd4 28.Qg6 Rxc2+ 29.Kb1 Rxb2+ 30.Rxb2 1-0

[Event "2nd American Continental"]
[Site "Buenos Aires ARG"]
[Date "2003.08.29"]
[Round "11"]
[White "Morinongeli, Martin"]
[Black "Leeuw, Pablo Gabriel"]
[Result "1-0"]
[WhiteElo "2143"]
[BlackElo "2110"]
[EventDate "2003.08.17"]
[PlyCount "71"]

1.c4 f5 2.d4 Nf6 3.g3 e6 4.Bg2 d5 5.Nh3 c6 6.Qc2 Be7 7.O-O O-O 8.Nd2 Nbd7 
9.Nf3 Ne4 10.Nf4 Ndf6 11.Nd3 Nh5 12.e3 g5 13.Rb1 Nhf6 14.b4 Bd7 15.Nfe5 a6
16.c5 Qe8 17.f3 Qh5 18.Nxd7 Nxd7 19.fxe4 dxe4 20.Ne5 Nf6 21.a4 Nd5 22.b5 
axb5 23.axb5 Rac8 24.bxc6 bxc6 25.Bd2 Rf6 26.Qd1 g4 27.Rf2 Rh6 28.Bf1 Bg5 
29.Qc1 Kh8 30.Rb7 Rf8 31.Bc4 f4 32.Bxd5 exd5 33.exf4 Bxf4 34.Bxf4 Rxf4 35.
Nf7+ Rxf7 36.Rbxf7 1-0

[Event "2nd American Continental"]
[Site "Buenos Aires ARG"]
[Date "2003.08.29"]
[Round "11"]
[White "Ojeda, Hernan"]
[Black "Frey Perez, Hugo"]
[Result "0-1"]
[WhiteElo "2226"]
[BlackElo "2342"]
[EventDate "2003.08.17"]
[PlyCount "66"]

1.Nf3 c5 2.g3 g6 3.Bg2 Bg7 4.O-O Nc6 5.e4 d6 6.d3 e6 7.Nc3 Rb8 8.Ng5 b5 9.
f4 Nge7 10.f5 exf5 11.exf5 Bxf5 12.Nxf7 Kxf7 13.g4 Qd7 14.gxf5 Bd4+ 15.Kh1
Nxf5 16.Rxf5+ Qxf5 17.Bxc6 Kg7 18.Qe2 Rbe8 19.Be4 Qh3 20.Nd5 Rhf8 21.Bf4 
Bxb2 22.Rb1 Be5 23.Be3 Rf7 24.c3 Ref8 25.Bg1 Rf2 26.Nf4 R2xf4 27.Bg2 Qg4 
28.Qe3 a6 29.d4 cxd4 30.cxd4 Bxd4 31.Qe7+ R8f7 32.Qxd6 Bxg1 33.Rxg1 R4f6 
0-1

[Event "2nd American Continental"]
[Site "Buenos Aires ARG"]
[Date "2003.08.29"]
[Round "11"]
[White "Pedro, Fernando"]
[Black "Bibiloni, Jorge Jaime"]
[Result "1/2-1/2"]
[WhiteElo "2273"]
[BlackElo "2203"]
[EventDate "2003.08.17"]
[PlyCount "30"]

1.e4 e5 2.d4 exd4 3.Qxd4 Nc6 4.Qe3 Nf6 5.Bd2 Bb4 6.Nc3 O-O 7.O-O-O Re8 8.
Qg3 Rxe4 9.a3 Bc5 10.Bg5 Rd4 11.Rxd4 Bxd4 12.Bd3 d5 13.Nge2 Bxc3 14.Nxc3 
Be6 15.Re1 h6 1/2-1/2

[Event "2nd American Continental"]
[Site "Buenos Aires ARG"]
[Date "2003.08.29"]
[Round "11"]
[White "Ramirez Alvarez, Alejandro"]
[Black "Zapata, Alonso"]
[Result "1-0"]
[WhiteElo "2450"]
[BlackElo "2543"]
[EventDate "2003.08.17"]
[PlyCount "109"]

1.d4 Nf6 2.c4 d6 3.Nc3 Nbd7 4.Nf3 c6 5.e4 e5 6.Be2 g6 7.O-O Bg7 8.d5 Nc5 
9.Qc2 a5 10.Be3 Qe7 11.a3 Ng4 12.Bxc5 dxc5 13.Rad1 O-O 14.Na4 Rd8 15.Nb6 
Ra6 16.d6 Qf8 17.Nxc8 Rxc8 18.b4 axb4 19.axb4 b6 20.h3 Nh6 21.b5 cxb5 22.
cxb5 Ra7 23.Nd2 Qxd6 24.Nc4 Qb8 25.Rd6 Rb7 26.Rfd1 Bf8 27.Rd7 Rxd7 28.Rxd7
Rd8 29.Qd2 Be7 30.Nxe5 Qxe5 31.Rxd8+ Bxd8 32.Qxd8+ Kg7 33.Qxb6 Qxe4 34.Bf1
Qe5 35.Qd8 Nf5 36.b6 Nd4 37.b7 Nc6 38.Qc8 Nb8 39.g3 h5 40.h4 Qd6 41.Kh2 
Qe5 42.Bg2 Qd6 43.Bf3 Qe5 44.Bh1 Na6 45.Qd8 Qf6 46.Qa8 Qxf2+ 47.Bg2 Qf6 
48.Qxa6 Qxa6 49.b8=Q Qf6 50.Qb3 Qd4 51.Bd5 Qf2+ 52.Kh3 Qf1+ 53.Bg2 Qf5+ 
54.Kh2 Qe5 55.Qb7 1-0

[Event "2nd American Continental"]
[Site "Buenos Aires ARG"]
[Date "2003.08.29"]
[Round "11"]
[White "Romero, Leandro"]
[Black "Bendana Guerrero, Guy"]
[Result "1/2-1/2"]
[WhiteElo "2096"]
[BlackElo "2186"]
[EventDate "2003.08.17"]
[PlyCount "37"]

1.e4 e5 2.Nf3 Nf6 3.Nxe5 d6 4.Nf3 Nxe4 5.d4 d5 6.Bd3 Bd6 7.O-O O-O 8.c4 c6
9.Nc3 Nxc3 10.bxc3 Bg4 11.h3 Bh5 12.Re1 Nd7 13.c5 Bc7 14.Qe2 Re8 15.Qxe8+ 
Qxe8 16.Rxe8+ Rxe8 17.g4 Bg6 18.Bxg6 hxg6 19.Kf1 1/2-1/2

[Event "2nd American Continental"]
[Site "Buenos Aires ARG"]
[Date "2003.08.29"]
[Round "11"]
[White "Roselli Mailhe, Bernardo"]
[Black "Leon Hoyos, Manuel"]
[Result "1-0"]
[WhiteElo "2440"]
[BlackElo "2281"]
[EventDate "2003.08.17"]
[PlyCount "55"]

1.e4 c5 2.Nf3 g6 3.d4 Bg7 4.Nc3 cxd4 5.Nxd4 Nc6 6.Nb3 Nf6 7.g4 d6 8.g5 Nd7
9.h4 a5 10.a4 Nde5 11.Be2 Be6 12.Nd5 Rc8 13.h5 gxh5 14.Rxh5 Nb4 15.c3 Nxd5
16.exd5 Bf5 17.Nd4 Bg6 18.Rh4 Qb6 19.Bb5+ Kf8 20.Be3 Rc5 21.Nb3 Bc2 22.
Qxc2 Nf3+ 23.Kf1 Nxh4 24.Nxc5 dxc5 25.Qe4 Ng6 26.Qc4 h6 27.Bxc5 Qc7 28.
Bxe7+ 1-0

[Event "2nd American Continental"]
[Site "Buenos Aires ARG"]
[Date "2003.08.29"]
[Round "11"]
[White "Sagalchik, Gennady"]
[Black "Dorin, Mauricio"]
[Result "1/2-1/2"]
[WhiteElo "2491"]
[BlackElo "2395"]
[EventDate "2003.08.17"]
[PlyCount "39"]

1.d4 e6 2.c4 Nf6 3.Nc3 Bb4 4.a3 Bxc3+ 5.bxc3 c5 6.f3 d6 7.e4 Nc6 8.d5 Ne5 
9.f4 Ng6 10.Bd3 exd5 11.cxd5 O-O 12.Ne2 Bg4 13.O-O Re8 14.h3 Bxe2 15.Qxe2 
Nxe4 16.f5 Nf6 17.Qf2 Ne5 18.Bb5 Nfd7 19.Bf4 f6 20.Rab1 1/2-1/2

[Event "2nd American Continental"]
[Site "Buenos Aires ARG"]
[Date "2003.08.29"]
[Round "11"]
[White "Schneider, Dmitry"]
[Black "Whatley, Andrew"]
[Result "1-0"]
[WhiteElo "2425"]
[BlackElo "2323"]
[EventDate "2003.08.17"]
[PlyCount "45"]

1.e4 e6 2.d4 d5 3.e5 c5 4.c3 Nc6 5.Nf3 Qb6 6.a3 Bd7 7.b4 cxd4 8.cxd4 Rc8 
9.Bb2 Na5 10.Nbd2 Nc4 11.Nxc4 dxc4 12.Rc1 a5 13.Nd2 axb4 14.Nxc4 Qd8 15.a4
Bc6 16.a5 Nh6 17.Nb6 Rb8 18.d5 exd5 19.Bd3 Be7 20.O-O O-O 21.Bd4 f5 22.a6 
bxa6 23.Rxc6 1-0

[Event "2nd American Continental"]
[Site "Buenos Aires ARG"]
[Date "2003.08.29"]
[Round "11"]
[White "Soppe, Guillermo"]
[Black "Needleman, Gaston"]
[Result "1-0"]
[WhiteElo "2467"]
[BlackElo "2155"]
[EventDate "2003.08.17"]
[PlyCount "99"]

1.Nf3 Nf6 2.g3 g6 3.b4 Bg7 4.Bb2 O-O 5.Bg2 d6 6.O-O e5 7.c4 a5 8.b5 Be6 9.
d3 h6 10.Nc3 Nbd7 11.Rc1 d5 12.cxd5 Nxd5 13.Na4 Re8 14.Nd2 Ra7 15.a3 N5b6 
16.Nxb6 Nxb6 17.Qc2 Qd7 18.a4 Bd5 19.Ne4 Qe7 20.Qxc7 Nxa4 21.Qxe7 Rxe7 22.
Ba3 Rd7 23.Rc8+ Kh7 24.Nc5 Bxg2 25.Kxg2 Nb6 26.Nxd7 Nxc8 27.Rc1 b6 28.Nxe5
Bxe5 29.Rxc8 Rc7 30.Rxc7 Bxc7 31.Kf3 f5 32.Ke3 Kg7 33.Kd4 h5 34.Kd5 h4 35.
Kc6 Bd8 36.d4 h3 37.d5 g5 38.Bb2+ Kf7 39.e3 a4 40.f4 g4 41.d6 Ke6 42.d7 
Ke7 43.Ba3+ Ke6 44.Bd6 Kf7 45.Bb4 Ke6 46.Ba3 Bf6 47.Kc7 Kd5 48.Kxb6 Bd8+ 
49.Kb7 Kc4 50.Kc6 1-0

[Event "2nd American Continental"]
[Site "Buenos Aires ARG"]
[Date "2003.08.29"]
[Round "11"]
[White "Sorin, Ariel"]
[Black "Tempone, Marcelo"]
[Result "1-0"]
[WhiteElo "2519"]
[BlackElo "2437"]
[EventDate "2003.08.17"]
[PlyCount "103"]

1.d4 Nf6 2.c4 e6 3.Nf3 Bb4+ 4.Nbd2 b6 5.e3 Bb7 6.Bd3 O-O 7.O-O c5 8.a3 
Bxd2 9.Bxd2 d6 10.b4 Nbd7 11.Bc3 Qe7 12.Nd2 Rac8 13.Qb3 cxd4 14.exd4 b5 
15.c5 Bc6 16.Rfe1 a6 17.Qc2 h6 18.Nb3 Nb8 19.Na5 Be8 20.Qe2 Nc6 21.Nb3 Qc7
22.Bd2 dxc5 23.dxc5 e5 24.Bc3 Rd8 25.Rad1 Rd5 26.f4 Bd7 27.Qb2 Re8 28.Bb1 
Rxd1 29.Rxd1 Bg4 30.Rc1 Nd5 31.Bxe5 Nxe5 32.fxe5 Rxe5 33.Qd4 Qe7 34.Rf1 
Re1 35.Nd2 Nf6 36.Ne4 Rxe4 37.Bxe4 Qxe4 38.Qxe4 Nxe4 39.Rf4 f5 40.h3 Bh5 
41.Rxf5 Bf7 42.Re5 Nc3 43.Re7 Nd5 44.Ra7 Be8 45.Kf2 Kf8 46.Rxa6 Ke7 47.Kf3
Nc7 48.Rd6 Bf7 49.Ke4 Ne8 50.Rb6 Nf6+ 51.Kd4 Be8 52.Rb7+ 1-0